Talent Management in Slovak Organizations: Insight into Selected Practices and Processes

Identifikácia procesov a postupov talent manažmentu a ich implementácia v slovenských organizáciách.

Salvato in:
Dettagli Bibliografici
Autore principale: Ali Taha, Viktória
Altri autori: Sirková, Michaela, Bednárová, Lucia
Natura: Capitolo di libro
Lingua:inglese
Soggetti:
Tags: Aggiungi Tag
Nessun Tag, puoi essere il primo ad aggiungerne!!

MARC

LEADER 00000naa a2200000 4500
001 0197354
005 20240502083502.4
041 0 |a eng 
044 |a PL 
245 1 0 |a Talent Management in Slovak Organizations: Insight into Selected Practices and Processes  |c Viktória Ali Taha, Michaela Sirková, Lucia Bednárová 
520 |a Identifikácia procesov a postupov talent manažmentu a ich implementácia v slovenských organizáciách. 
610 2 0 |a talenty 
610 2 0 |a manažment 
610 2 0 |a talent manažment 
610 2 0 |a kapitál ľudský 
610 2 0 |a riadenie ľudských zdrojov 
100 1 |a Ali Taha, Viktória 
700 1 |a Sirková, Michaela 
700 1 |a Bednárová, Lucia